000 00825nam a2200241 a 4500
005 20070119085348.0
008 060831s2006 ii b 000 0 eng
010 _aENG-91363
020 _c201.00
035 _aEN-74896
037 _bDBAD / PUB
040 _adpl
_bEnglish
082 _a660
100 _aShanmugan, K.
245 _aEngineering chemistry:
_cby K. Shanmugan
_b(code: CY IX01) /
260 _aCuddalore
_bBest Printers & Publishers
_c2007
300 _aVarious pagings
_c22cm (pbk)
520 _aHistory of Kashmiri Pandits and Kashmir, India.
650 _aChemistry
650 _aChemistry engineering
942 _2ddc
_cEN
_mSHA
_h660
999 _c16866
_d16866